Strategická reforma irské veřejné správy
Vznik, doterajší priebeh a ciele reformy štátnej správy v Írsku. Zhodnotenie súčasného stavu. Princípy kvalitnej služby. Informácie o írskej strategickej reforme: http: //www.irlog. ie/iveagh a http://www. bettergov.ie.
Na minha lista:
| Autor principal: | |
|---|---|
| Formato: | Capítulo de Livro |
| Idioma: | tcheco |
| Assuntos: | |
| Tags: |
Sem tags, seja o primeiro a adicionar uma tag!
|
MARC
| LEADER | 00000naa a2200000 4500 | ||
|---|---|---|---|
| 001 | r046441 | ||
| 005 | 20231004105329.7 | ||
| 041 | 0 | |a cze | |
| 044 | |a CZ | ||
| 245 | 1 | 0 | |a Strategická reforma irské veřejné správy |c Milan Jakobec |
| 520 | |a Vznik, doterajší priebeh a ciele reformy štátnej správy v Írsku. Zhodnotenie súčasného stavu. Princípy kvalitnej služby. Informácie o írskej strategickej reforme: http: //www.irlog. ie/iveagh a http://www. bettergov.ie. | ||
| 610 | 2 | 0 | |a správa štátna |
| 610 | 2 | 0 | |a správa verejná |
| 610 | 2 | 0 | |a reformy štruktúrne |
| 610 | 2 | 0 | |a Írsko |
| 610 | 2 | 0 | |a občania |
| 610 | 2 | 0 | |a služba štátna |
| 610 | 2 | 0 | |a služba verejná |
| 100 | 1 | |a Jakobec, Milan | |